Largest City by Every Country in the World🌎🌍🌏 - Statistics

General Stats
  • This quiz has been taken 45 times
  • The average score is 140 of 196
Answer Stats
Country Largest City % Correct
Argentina Buenos Aires
98%
Austria Vienna
98%
Algeria Algiers
95%
Germany Berlin
95%
Belgium Brussels
95%
Egypt Cairo
95%
Denmark Copenhagen
95%
Finland Helsinki
95%
France Paris
95%
Czech Republic Prague
95%
Australia Sydney
95%
Canada Toronto
95%
Netherlands Amsterdam
93%
Colombia Bogota
93%
Hungary Budapest
93%
Ireland Dublin
93%
Cuba Havana
93%
Portugal Lisbon
93%
Luxembourg Luxembourg City
93%
Mexico Mexico City
93%
Belarus Minsk
93%
Russia Moscow
93%
Norway Oslo
93%
Panama Panama City
93%
Italy Rome
93%
Brazil Sao Paulo
93%
South Korea Seoul
93%
Singapore Singapore
93%
Sweden Stockholm
93%
Japan Tokyo
93%
Poland Warsaw
93%
Greece Athens
90%
Spain Barcelona
90%
United Arab Emirates Dubai
90%
Turkey Istanbul
90%
Indonesia Jakarta
90%
Israel Jerusalem
90%
Afghanistan Kabul
90%
Ukraine Kiev
90%
Kuwait Kuwait City
90%
Peru Lima
90%
Monaco Monaco
90%
Bahamas Nassau
90%
Iceland Reykjavik
90%
Chile Santiago
90%
China Shanghai
90%
Bulgaria Sofia
90%
Taiwan Taipei
90%
Iran Tehran
90%
Andorra Andorra la Vella
88%
Iraq Baghdad
88%
Thailand Bangkok
88%
Lebanon Beirut
88%
Romania Bucharest
88%
Syria Damascus
88%
Djibouti Djibouti
88%
South Africa Johannesburg
88%
Jamaica Kingston
88%
Malaysia Kuala Lumpur
88%
United Kingdom London
88%
Philippines Manila
88%
India Mumbai
88%
North Korea Pyongyang
88%
Albania Tirana
88%
Libya Tripoli
88%
Jordan Amman
86%
New Zealand Auckland
86%
Venezuela Caracas
86%
Bangladesh Dhaka
86%
Qatar Doha
86%
Cyprus Nicosia
86%
El Salvador San Salvador
86%
Vatican City Vatican City
86%
Switzerland Zurich
86%
Ethiopia Addis Ababa
83%
Paraguay Asuncion
83%
Guatemala Guatemala City
83%
Vietnam Ho Chi Minh City
83%
Nepal Kathmandu
83%
Dem. Rep. of the Congo Kinshasa
83%
Nigeria Lagos
83%
Uruguay Montevideo
83%
Kenya Nairobi
83%
United States New York City
83%
Haiti Port-au-Prince
83%
Ecuador Quito | Guayaquil
83%
Latvia Riga
83%
Saudi Arabia Riyadh
83%
Bosnia & Herz. Sarajevo
83%
Tunisia Tunis
83%
Mongolia Ulaan Baatar
83%
Croatia Zagreb
83%
Azerbaijan Baku
81%
Morocco Casablanca
81%
Estonia Tallinn
81%
Georgia Tbilisi
81%
Lithuania Vilnius
81%
Ghana Accra
79%
Serbia Belgrade
79%
Angola Luanda
79%
Costa Rica San Jose
79%
Slovakia Bratislava
76%
Senegal Dakar
76%
Pakistan Karachi
76%
Sudan Khartoum
76%
Somalia Mogadishu
76%
Cambodia Phnom Penh
76%
Dominican Rep. Santo Domingo
76%
Sri Lanka Colombo
74%
Slovenia Ljubljana
74%
Maldives Male
74%
Oman Muscat
74%
Malta Valletta
74%
Myanmar Yangon
74%
Liberia Monrovia
71%
Papua New Guinea Port Moresby
71%
Sao Tome Sao Tome
71%
Macedonia Skopje
71%
Laos Vientiane
71%
Kazakhstan Almaty
69%
Moldova Chisinau
69%
East Timor Dili
69%
Kosovo Pristina
69%
Yemen Sana'a
69%
Uzbekistan Tashkent
69%
Armenia Yerevan
69%
Cote d'Ivoire Abidjan
67%
Madagascar Antananarivo
67%
Belize Belize City
67%
Guinea-Bissau Bissau
67%
Guyana Georgetown
67%
South Sudan Juba
67%
Uganda Kampala
67%
Bahrain Manama
67%
Namibia Windhoek
67%
Congo Brazzaville
64%
Barbados Bridgetown
64%
Sierra Leone Freetown
64%
Mozambique Maputo
64%
Suriname Paramaribo
64%
Montenegro Podgorica
64%
Mali Bamako
62%
Nicaragua Managua
62%
Antigua St. John's
62%
Kyrgyzstan Bishkek
60%
Zimbabwe Harare
60%
Rwanda Kigali
60%
Honduras Tegucigalpa
60%
Bhutan Thimphu
60%
Turkmenistan Ashgabat
57%
Guinea Conakry
57%
Tajikistan Dushanbe
57%
Togo Lome
57%
Brunei Bandar
55%
Central African Rep. Bangui
55%
Chad N'Djamena
55%
Niger Niamey
55%
Seychelles Victoria
55%
Eritrea Asmara
52%
Cameroon Douala
52%
Botswana Gaborone
52%
Malawi Lilongwe
52%
Burkina Faso Ouagadougou
52%
Mauritius Port Louis
52%
Cape Verde Praia
50%
Samoa Apia
48%
St. Lucia Castries
48%
Lesotho Maseru
48%
Mauritania Nouakchott
48%
Dominica Roseau
48%
St. Kitts Basseterre
45%
Gabon Libreville
45%
Zambia Lusaka
45%
Comoros Moroni
45%
Grenada St. George's
45%
Bolivia Santa Cruz
43%
Solomon Islands Honiara
40%
Nauru Yaren
40%
St. Vincent Kingstown
38%
Burundi Bujumbura
36%
Benin Cotonou
36%
Liechtenstein Schaan
36%
Tanzania Dar es Saalam
33%
Tuvalu Funafuti
33%
Tonga Nuku'alofa
29%
Vanuatu Port Vila
29%
Equatorial Guinea Bata
17%
Palau Koror
14%
Gambia Serekunda
12%
Micronesia Weno
12%
Trinidad Chaguanas
5%
San Marino Dogana
5%
Marshall Island Ebeye
5%
Kiribati Betio
2%
Swaziland Manzini
2%
Fiji Nasinu
0%
No matching quizzes found
Score Distribution
Percent of People with Each Score
Percentile by Number Answered
Your Score History
You have not taken this quiz